| 000 | 00668nam a2200217 a 4500 | ||
|---|---|---|---|
| 001 | 19490 | ||
| 003 | CO-ViMGA | ||
| 008 | 141112s2004 ck r 000 u spa d | ||
| 020 | _a9586693457 | ||
| 040 |
_aCO-ViMGA _bspa _cCO-ViMGA |
||
| 082 | 0 | 4 | _a136.7354 M673a |
| 100 | 1 |
_aIzquierdo Moreno, Ciriaco _928112 |
|
| 245 | 1 | 0 |
_aAdolescentes rebeldes y violentos : _borientaciones para padres de familia y educadores |
| 260 |
_aBogotá : _bEdiciones Paulinas; 2002 |
||
| 300 | _a428 p. | ||
| 590 | _aForma de adquisición : Premio mincultura | ||
| 650 | 1 | 4 | _aFAMILIA |
| 650 | 1 | 4 |
_aPADRES E HIJOS _928113 |
| 650 | 1 | 4 |
_aPSICOLOGIA DEL ADOLESCENTE _916706 |
| 942 |
_2ddc _cBK |
||
| 999 |
_c28631 _d28631 |
||